[Event "Nakhchivan Open"]
[Site "Nakhchivan AZE"]
[Date "2011.05.01"]
[Round "9"]
[White "Mchedlishvili,M"]
[Black "Guliev,L"]
[Result "1/2-1/2"]
[WhiteElo "2629"]
[BlackElo "2468"]
[EventDate "2011.04.23"]

1. d4 Nf6 2. c4 e6 3. Nc3 Bb4 4. Qc2 O-O 5. a3 Bxc3+ 6. Qxc3 b6 7. Bg5 Bb7
8. e3 d6 9. Ne2 Nbd7 10. Qc2 c5 11. Rd1 Qe7 12. Nc3 h6 13. Bh4 cxd4 14.
Rxd4 Ne5 15. Be2 Ng6 16. Bxf6 Qxf6 17. Ne4 Qf5 18. Bd3 Nh4 19. O-O Nxg2 20.
Ng3 Qf6 21. Be4 Bxe4 22. Qxe4 e5 23. Rd2 Nh4 24. f4 Qe7 25. f5 g5 26. Qd5
Rad8 27. Ne4 Rd7 28. f6 Qe6 29. Qxe6 fxe6 30. Rxd6 Rxd6 31. Nxd6 Rd8 32.
Ne4 Nf5 33. Kf2 Rd3 34. Re1 Kf7 35. h3 Kg6 36. c5 bxc5 37. Nxc5 Rd2+ 38.
Re2 Rd1 39. Ne4 Rc1 40. Rd2 Rc4 41. Nd6 Nxd6 42. Rxd6 Kxf6 43. Ra6 Rc2+ 44.
Kf3 Rxb2 45. Rxa7 Rh2 46. Kg3 Ra2 47. e4 h5 48. Ra8 h4+ 49. Kg4 Rg2+ 50.
Kh5 Rg3 51. Rf8+ Ke7 52. Ra8 Kd6 53. Ra5 Rxh3 54. Kxg5 Re3 55. Kxh4 Rxe4+
56. Kg3 Rf4 57. a4 Rf8 58. Rb5 e4 59. a5 Rf5 60. Rb6+ Kc5 1/2-1/2

[Event "Nakhchivan Open"]
[Site "Nakhchivan AZE"]
[Date "2011.05.01"]
[Round "9"]
[White "Durarbeyli,V"]
[Black "Rasulov,Vu"]
[Result "1/2-1/2"]
[WhiteElo "2510"]
[BlackElo "2499"]
[EventDate "2011.04.23"]

1. Nf3 c5 2. b3 Nf6 3. Bb2 e6 4. e3 Be7 5. d4 O-O 6. Bd3 b6 7. O-O Bb7 8.
Nbd2 d6 9. c4 Nbd7 10. Qe2 Re8 11. Rad1 Qc7 12. Rfe1 a6 13. a4 Rac8 14. Ng5
h6 15. Nge4 Qb8 16. d5 exd5 17. cxd5 Bxd5 18. Nxf6+ Bxf6 19. Bxf6 Nxf6 20.
Bxa6 Rcd8 21. Bb5 Re7 22. f3 Ba8 23. Nf1 d5 24. Ng3 g6 25. Qd2 Kg7 26. e4
Re6 27. f4 d4 28. e5 Nd5 29. Bc4 Ree8 30. Bxd5 Bxd5 31. Qd3 Re7 32. Re2 Qc7
33. Rc1 Ree8 34. Ne4 Bxe4 35. Rxe4 Qe7 36. h3 h5 37. Rf1 f5 38. Re2 Qb7 39.
Rf3 b5 40. axb5 Rb8 41. Rg3 Kh6 42. Qc4 Qxb5 43. Qf7 Rg8 44. Ra2 Rg7 45.
Qf6 Qb6 46. e6 c4 47. Kh2 cxb3 48. Rb2 Qd6 49. Rbxb3 Rf8 50. Qg5+ Kh7 51.
Rb7 Qxe6 52. Qxh5+ gxh5 53. Rgxg7+ Kh6 54. Rh7+ Kg6 55. Rbg7+ Kf6 56. Rh6+
Kxg7 57. Rxe6 Rd8 58. Kg3 d3 59. Re1 d2 60. Rd1 Rd3+ 61. Kf2 h4 62. Ke2 Rd4
63. Ke3 Re4+ 64. Kf3 Rd4 65. Ke3 1/2-1/2

[Event "Nakhchivan Open"]
[Site "Nakhchivan AZE"]
[Date "2011.05.01"]
[Round "9"]
[White "Safarli,E"]
[Black "Guseinov,G"]
[Result "1/2-1/2"]
[WhiteElo "2628"]
[BlackElo "2584"]
[EventDate "2011.04.23"]

1. e4 c5 2. Nf3 g6 3. d4 cxd4 4. Qxd4 Nf6 5. e5 Nc6 6. Qa4 Nd5 7. Qe4 Nb6
8. Nc3 Bg7 9. Bf4 d5 10. exd6 O-O 11. O-O-O Bxc3 12. dxe7 Qxe7 13. Qxe7
Bxb2+ 14. Kxb2 Nxe7 15. Bh6 Re8 16. Bb5 Nc6 17. Rd6 Bd7 18. Be3 Ne5 19.
Bxb6 1/2-1/2

[Event "Nakhchivan Open"]
[Site "Nakhchivan AZE"]
[Date "2011.05.01"]
[Round "9"]
[White "Ibrahimov,R"]
[Black "Turov,M"]
[Result "1/2-1/2"]
[WhiteElo "2526"]
[BlackElo "2635"]
[EventDate "2011.04.23"]

1. Nf3 Nf6 2. c4 e6 3. Nc3 Bb4 4. Qc2 O-O 5. a3 Bxc3 6. Qxc3 b6 7. b4 Bb7
8. Bb2 d6 9. e3 e5 10. Be2 Ne4 11. Qc2 Ng5 12. Qf5 Nxf3+ 1/2-1/2

[Event "Nakhchivan Open"]
[Site "Nakhchivan AZE"]
[Date "2011.05.01"]
[Round "9"]
[White "Abbasov,F"]
[Black "Filippov,An UZB"]
[Result "1-0"]
[WhiteElo "2543"]
[BlackElo "2604"]
[EventDate "2011.04.23"]

1. d4 Nf6 2. c4 e6 3. Nf3 Bb4+ 4. Nbd2 O-O 5. a3 Bxd2+ 6. Qxd2 b6 7. e3 Bb7
8. Be2 a5 9. b3 d6 10. O-O Nbd7 11. Bb2 Qe7 12. Rfd1 Ne4 13. Qc2 f5 14. d5
e5 15. Nd2 Nxd2 16. Rxd2 Nc5 17. b4 Nd7 18. Rf1 e4 19. f4 exf3 20. Rxf3
axb4 21. axb4 g6 22. Qc3 Ne5 23. Rf4 Bc8 24. Rd1 Bd7 25. Rdf1 h6 26. c5
Rae8 27. c6 Bc8 28. b5 Kh7 29. Bd1 Rf6 30. Qd4 Ref8 31. Bc2 Kg8 32. h3 R8f7
33. R4f2 Qf8 34. Qb4 Qe7 35. Qd4 Qf8 36. Qb4 Qe7 37. Bd4 Rf8 38. Qc3 Kh7
39. Ra1 Re8 40. Ra7 Qf7 41. Bxb6 Re7 42. Bd4 Qxd5 43. b6 Rf8 44. Bxe5 dxe5
45. Qb4 Ree8 46. Rxc7+ Kh8 47. Qh4 1-0